Joueurs champions de Bundesliga - Mort subite - Statistiques

Statistiques générales
  • Ce quiz a été pris 899 fois
  • Le résultat moyen est 6 sur 20
Answers on the Grid
Answers color-coded by a green-red scale on the quiz's grid according to % correct below.
Thomas Müller
Mario Götze
Harry Kane
Jude Bellingham
Marco Reus
Michael Ballack
Florian Wirtz
Granit Xhaka
Franz Beckenbauer
Matthias Sammer
Matthias Ginter
Mats Hummels
Jürgen Klinsmann
Edin Džeko
Marc Andre Ter Stegen
Ulf Kirsten
Konrad Laimer
Sadio Mané
Jean-Pierre Papin
Franck Ribéry
Toni Kroos
Mesut Özil
Robert Lewandowski
İlkay Gündoğan
Paul Breitner
Jürgen Kohler
Pierre-Emerick Aubameyang
Álex Grimaldo
Xabi Alonso
Kai Havertz
Zlatan Ibrahimović
Manuel Neuer
 
Statistiques - réponses
Réponse % Correct
Thomas Müller
49%
Robert Lewandowski
48%
Manuel Neuer
44%
Franck Ribéry
43%
Florian Wirtz
42%
Toni Kroos
38%
Xabi Alonso
38%
Mario Götze
37%
Mats Hummels
35%
Álex Grimaldo
34%
Franz Beckenbauer
31%
Granit Xhaka
31%
Sadio Mané
30%
Michael Ballack
19%
Matthias Sammer
15%
İlkay Gündoğan
14%
Edin Džeko
9%
Jürgen Klinsmann
9%
Jürgen Kohler
8%
Paul Breitner
8%
Aucun quiz correspondant
Distribution des résultats
% des personnes avec chaque résultat
Percentile par nombre de réponses
Votre historique - résultats
Vous n’avez pas pris ce quiz